| 000 | 01469cam a2200289 4500 | ||
|---|---|---|---|
| 001 | ABS66078 | ||
| 008 | 021029n2002 000 0 eng u | ||
| 035 | _a(Sirsi) u120293 | ||
| 100 | _aHam, J | ||
| 245 | _aWho's fixing what? | ||
| 260 | _c2002 | ||
| 490 |
_aEstates Gazette _v(0242) 19 October 2002, 150-151(2) |
||
| 520 | _aProvides a list of dos and don'ts for landlords and tenants to avoid disputes over the physical condition of a property. Advises both parties to be aware of the state of a property before the lease term begins by using photographic records and schedules of condition. Stresses that the wording in the repairing clause must be clear and distinquish between similar terms such as 'repair' and 'condition'. Advises landlords how to proceed if a tenant does not comply with his repairing obligations, with guidance on s146 notices and forfeiture. Concludes with actions landlords should take at the end of the lease such as serving a schedule of dilapidations. Case law. | ||
| 590 | _aABS | ||
| 650 |
_aDilapidations _96235 |
||
| 650 | _aLEASE TERMS | ||
| 650 | _aS146 NOTICES | ||
| 650 | _aLAW OF PROPERTY ACT 1925 | ||
| 650 | _aFORFEITURE | ||
| 650 | _aFLUOR DANIEL PROPERTIES LTD V SHORTLANDS INVESTMENTS LTD | ||
| 650 | _aELITE INVESTMENTS LTD V TI BAINBRIDGE SILENCERS LTD | ||
| 650 | _aEYRE V MCCRACKEN | ||
| 650 | _aREPAIRS | ||
| 650 | _aREPAIRING OBLIGATIONS | ||
| 690 |
_aDilapidations _96235 |
||
| 942 | _n0 | ||
| 999 |
_c71469 _d71469 |
||